Biblioteca : (Record no. 150350)

MARC details
000 -LEADER
campo de control de longitud fija 00689nam a2200181 i 4500
001 - NÚMERO DE CONTROL
campo de control 150350
003 - IDENTIFICADOR DE NÚMERO DE CONTROL
campo de control ES-MaACL
005 - FECHA Y HORA DE LA ÚLTIMA TRANSACCIÓN
campo de control 20230906203456.0
007 - CAMPO FIJO DE DESCRIPCIÓN FÍSICA--INFORMACIÓN GENERAL
campo de control de longitud fija t|
008 - DATOS DE LONGITUD FIJA--INFORMACIÓN GENERAL
campo de control de longitud fija 071030s1949 sp ||||1| spa d
110 1# - ENTRADA PRINCIPAL--NOMBRE DE ENTIDAD CORPORATIVA
Nombre de entidad corporativa o nombre de jurisdicción como elemento de entrada España.
Unidad subordinada Dirección General de Marruecos y Colonias.
9 (RLIN) 3752
245 10 - MENCIÓN DEL TÍTULO
Título Biblioteca :
Resto del título catálogo de materias /
Mención de responsabilidad, etc. por Mª Asunción del Val.
260 ## - PUBLICACIÓN, DISTRIBUCIÓN, ETC.
Lugar de publicación, distribución, etc. Madrid :
Nombre del editor, distribuidor, etc. Dirección General de Marruecos y Colonias,
Fecha de publicación, distribución, etc. 1949 (
Fabricante Imp. Sucs. de Rivadeneyra)
300 ## - DESCRIPCIÓN FÍSICA
Extensión XI, 380 p. ;
Dimensiones 25 cm.
610 14 - PUNTO DE ACCESO ADICIONAL DE MATERIA--NOMBRE DE ENTIDAD CORPORATIVA
Nombre de entidad corporativa o nombre de jurisdicción como elemento de entrada España.
Unidad subordinada Dirección General de Marruecos y Colonias. Biblioteca-
Subdivisión de forma Catálogos.
9 (RLIN) 169753
700 1# - ENTRADA AGREGADA--NOMBRE PERSONAL
Nombre de persona Val, María Asunción del.
9 (RLIN) 112428
852 ## - LOCALIZACIÓN
Ubicación ES-MaACL
Número de control de estantería D-7192
Holdings
Estatus retirado Estado de pérdida Estado de daño No para préstamo Biblioteca de origen Biblioteca actual Ubicación en estantería Fecha de adquisición Fuente de adquisición Total de préstamos Signatura topográfica completa Código de barras Visto por última vez Precio de reemplazo Tipo de ítem Koha
        Biblioteca del Ateneo de Madrid Biblioteca del Ateneo de Madrid Sala Valle Inclán 17/01/2008     D-7192 901156887 23/02/2023 23/02/2023 Libro impreso